000 00681nam a22002057a 4500
999 _c57581
_d57581
005 20200806144533.0
008 200806s2019 eng||||| |||| 00| 0 enk d
020 _a9789352706860
050 _aeng
080 _a617.7 K-42
100 _aKhurana, Ak.
_99124
245 _aComprehensive Ophthalmology /
_cAK Khurana, Aruj K Khurana, Bhawna P Khurana.
264 _aNew Delhi:
_bJaype,
_c2019.
300 _a662 p.
_b25 cm.
653 _aთვალის დაავადებები
653 _aოფთალმოლოგია
700 _aKhurana, Aruj K
_eავტორი
_99125
700 _aKhurana, Bhawna P
_eავტორი
_99126
942 _2udc
_cBK